| 000 | 00513nam a2200145 4500 | ||
|---|---|---|---|
| 999 |
_c13299 _d13299 |
||
| 008 | 190226b ||||| |||| 00| 0 eng d | ||
| 022 | _a16565649 | ||
| 082 | _aDPer 303.405 H22 June -Sept 2016 v.12 n. 7-10 | ||
| 100 |
_aLabaco, Chester. _937188 |
||
| 245 |
_aASUS Z170 pro gaming/aura: _bcustomize/ _cChester Labaco. |
||
| 260 |
_aQuezon City: _bHardware Zone Phils. Corp., _c©June -Sept 2016. |
||
| 300 |
_av12 n10, page 43. _billustrations: _c28 cm. |
||
| 650 |
_aComputer peripherals. _937189 |
||
| 942 |
_2ddc _cPER |
||